000
00538nam a2200145Ia 4500
008
151213s9999 xx 000 0 und d
100
_a
ঔবহবিহযংরহম
245
_a
ঈযরহবংব খরঃবৎধঃঁৎব
_c
ঔবহবিহযংরহম
260
_a
ঈযধরহধ
_b
ঋড়ৎবরময খধহমঁধফমব ঈযরহধ চৎবংং
300
_a
8651 p.
650
_a
Bangla
650
_a
ইতিহাস।
700
_a
ঔবহবিহযংরহম
999
_c
4438
_d
4438